00418nam a2200157Ia 45000010006000000050017000060080041000230410008000640820016000721000042000882450077001302600009002073000028002166500008002446540008002521655720260306170318.0260306t2020||||xx |||||||||||||| ||und|| aESP a348.62bG24 aGarcía Vega, Enrique SilvestreeAUT 0aLa meritocracia como forma de gobierno. Origen, evolución y desafíos c2020 a517 páginas :c28 cm. aGEN aCDE